[Event "Victor Ciocaltea mem"]
[Site "Bucharest ROM"]
[Date "2008.03.16"]
[Round "3"]
[White "Baratosi, D."]
[Black "Pap, M."]
[Result "1-0"]
[WhiteElo "2441"]
[BlackElo "2465"]
[PlyCount "53"]
[EventDate "2008.03.14"]
[Source "www.chesslib.no"]
[SourceDate "2004.05.04"]

1. e4 e5 2. Nf3 Nc6 3. Bb5 f5 4. d3 fxe4 5. dxe4 Bb4+ 6. c3 Bc5 7. Qd5 Qe7 8. Bg5 Nf6 9. Bxf6 gxf6 10. Nh4 Bb6 11. O-O Qf7 12. Nd2 Ne7 13. Qxf7+ Kxf7 14. Nc4 d5 15. Nxb6 axb6 16. f4 c6 17. Bd3 Ke6 18. fxe5 fxe5 19. Nf3 h6 20. Rae1 Kd6 21. exd5 Nxd5 22. Nxe5 Be6 23. c4 Nb4 24. Rf6 Rhe8 25. Bf5 Rxa2 26. Bxe6 Rxe6 27. Nf7+ 1-0

[Event "Summer I"]
[Site "Alushta"]
[Date "2004.05.14"]
[Round "3"]
[White "Rausis, Igors"]
[Black "Kulicov, Oleg Anatolie"]
[Result "1/2-1/2"]
[WhiteElo "2484"]
[BlackElo "2422"]
[PlyCount "42"]
[EventDate "2004.05.13"]
[Source "Roberto Alvarez"]
[SourceDate "2004.05.31"]

1. e4 e5 2. Nf3 Nc6 3. Bb5 f5 4. Bxc6 dxc6 5. Nc3 fxe4 6. Nxe4 Nf6 7. Qe2 Bg4 8. h3 Bxf3 9. Qxf3 Qd5 10. d3 Bb4+ 11. c3 Be7 12. Bg5 O-O 13. Bxf6 gxf6 14. g4 Rad8 15. Ke2 Rd7 16. Rhd1 a5 17. Rd2 a4 18. a3 Kg7 19. Rad1 c5 20. Ng3 Qxf3+ 21. Kxf3 b5 1/2-1/2

[Event "It (open)"]
[Site "Senta (Serbia)"]
[Date "2007.07.23"]
[Round "4"]
[White "Savic Miodrag R (SCG)"]
[Black "Dragovic Momcilo (SCG)"]
[Result "1-0"]
[WhiteElo "2514"]
[BlackElo "2392"]
[PlyCount "227"]
[EventDate "2007.??.??"]
[Source "www.chesslib.no"]
[SourceDate "2004.05.04"]

1. e4 e5 2. Nf3 Nc6 3. Bb5 f5 4. d3 fxe4 5. dxe4 Nf6 6. Bg5 Be7 7. Nc3 d6 8. Qd3 Bd7 9. O-O O-O 10. Bxf6 Bxf6 11. Nd5 Kh8 12. Rae1 a6 13. Bxc6 bxc6 14. Nxf6 Rxf6 15. Re3 Be6 16. Qc3 c5 17. Qa5 Rb8 18. b3 Qc8 19. c4 Qb7 20. Ne1 Bd7 21. Nd3 Bc6 22. f3 g5 23. Qc3 Rbf8 24. Ree1 Qb6 25. Nf2 Bd7 26. Nd1 a5 27. Ne3 Be6 28. Qd2 Qb4 29. Qc1 h6 30. Nc2 Qb6 31. Qa3 R6f7 32. h3 Kh7 33. Rf2 h5 34. Ref1 h4 35. Kh2 Qc6 36. Qxa5 Ra8 37. Qd2 Kg6 38. Ne3 Ra3 39. Rg1 Qa8 40. Nd1 Bd7 41. Nc3 Bc6 42. g3 Qh8 43. gxh4 Rf4 44. Rxg5+ Kf7 45. Rg4 Ke7 46. Rfg2 Rf7 47. Qg5+ Kd7 48. R4g3 Ra8 49. Qg4+ Ke7 50. Qg5+ Kd7 51. h5 Raf8 52. h6 Kc8 53. Qg7 Kb7 54. Qxh8 Rxh8 55. Nd1 Rxh6 56. Kg1 Bd7 57. Rh2 Rfh7 58. Kg2 Kb6 59. Nf2 Be6 60. Rh1 Ka5 61. a3 Kb6 62. Ng4 Rh4 63. Nf2 Rh8 64. Rg6 Bf7 65. Rg7 Be6 66. Kg3 R4h5 67. Rg6 Bf7 68. Rf6 Rg5+ 69. Ng4 Rg7 70. Kf2 Kb7 71. Rh6 Ra8 72. Ra1 Bg6 73. Ne3 Bh7 74. Rf6 Kc6 75. h4 Rag8 76. a4 Rb8 77. Ra3 Bg6 78. a5 Kb7 79. Ra1 Bf7 80. Nf5 Rh7 81. Rh6 Rxh6 82. Nxh6 Bh5 83. Nf5 Ka6 84. Ra3 Rf8 85. Ke3 Bg6 86. Ne7 Bh5 87. Nf5 Bg6 88. Ng7 Rf7 89. Ne6 Bh5 90. f4 exf4+ 91. Nxf4 Bd1 92. Nd3 Ka7 93. Kd2 Bf3 94. Ke3 Bd1 95. e5 Rh7 96. Kd2 Bg4 97. b4 cxb4 98. Nxb4 dxe5 99. Nc6+ Ka6 100. Nb4+ Ka7 101. Re3 Rxh4 102. Rxe5 Rh5 103. Re7 Rxa5 104. Nc6+ Kb6 105. Nxa5 Kxa5 106. Rxc7 Kb6 107. Rg7 Bf3 108. Ke3 Ba8 109. Kd4 Bf3 110. Rg6+ Kc7 111. Kc5 Be2 112. Rg7+ Kd8 113. Kd5 Bd3 114. c5 1-0

[Event "Olympiad"]
[Site "?"]
[Date "2002.11.06"]
[Round "11"]
[White "Zarnicki Pablo"]
[Black "Seitaj Ilir"]
[Result "1-0"]
[WhiteElo "2499"]
[BlackElo "2406"]
[PlyCount "91"]
[EventDate "2002.??.??"]
[Source "www.chesslib.no"]
[SourceDate "2004.05.04"]

1. e4 e5 2. Nf3 Nc6 3. Bb5 f5 4. d3 fxe4 5. dxe4 Nf6 6. O-O d6 7. Qd3 Bg4 8. h3 Bh5 9. Nc3 Qd7 10. Nd5 a6 11. Ba4 Be7 12. Ng5 Bd8 13. f4 b5 14. Bb3 Nd4 15. g4 Nxb3 16. axb3 Nxg4 17. hxg4 Qxg4+ 18. Kh2 O-O 19. Nh3 exf4 20. Rxf4 Rxf4 21. Bxf4 Bf7 22. Rg1 Qe6 23. Qd4 Bg6 24. Bg5 c5 25. Nhf4 Qe8 26. Qc3 Qxe4 27. Re1 Qxc2+ 28. Qxc2 Bxc2 29. Re8+ Kf7 30. Rxd8 Rxd8 31. Bxd8 Bxb3 32. Nc7 h6 33. Nxa6 Ke8 34. Ba5 g5 35. Nd3 Bc4 36. Nf2 b4 37. Nxb4 cxb4 38. Bxb4 Kf7 39. Bxd6 Ke6 40. Bf8 h5 41. Ne4 Kf7 42. Bh6 Kg6 43. Bxg5 Bd5 44. Nc3 Bb3 45. Be3 Kf5 46. Kg3 1-0

[Event "Santa Catalina"]
[Site "Santa Catalina"]
[Date "1987.??.??"]
[Round "?"]
[White "Sisniega, Marcel"]
[Black "De la Villa Garcia, Jesus Maria"]
[Result "1-0"]
[WhiteElo "2455"]
[BlackElo "2450"]
[PlyCount "73"]
[EventDate "1987.??.??"]
[Source "www.chesslib.no"]
[SourceDate "2004.05.04"]

1. e4 e5 2. Nf3 Nc6 3. Bb5 f5 4. d3 fxe4 5. dxe4 Nf6 6. O-O d6 7. Nc3 Be7 8. Bc4 Na5 9. Be2 Nc6 10. Ng5 Nd4 11. Bc4 Bg4 12. f3 Bh5 13. Nb5 d5 14. exd5 Nxb5 15. Ne6 Qd6 16. Bxb5+ Kf7 17. Bc4 Rhe8 18. Bb3 Kg8 19. Nxc7 e4 20. Qd4 exf3 21. Bf4 Qd7 22. d6+ Kh8 23. Be6 Qc6 24. dxe7 Rxe7 25. Nxa8 Rxe6 26. Nc7 Re4 27. Qd6 Qc4 28. Be5 Rg4 29. Bxf6 Rxg2+ 30. Kh1 gxf6 31. Qf8+ Qg8 32. Qxf6+ Qg7 33. Qd8+ Qg8 34. Rad1 f2 35. Qf6+ Rg7 36. Rxf2 Bg6 37. h3 1-0

[Event "FRA Ch"]
[Site "Nantes FRA"]
[Date "1993.??.??"]
[Round "14"]
[White "Santo Roman, Marc"]
[Black "Bauer, Christian"]
[Result "0-1"]
[WhiteElo "2420"]
[BlackElo "2485"]
[PlyCount "100"]
[EventDate "1993.08.??"]
[Source "www.chesslib.no"]
[SourceDate "2004.05.04"]

1. e4 e5 2. Nf3 Nc6 3. Bb5 f5 4. d3 fxe4 5. dxe4 Nf6 6. Bg5 Be7 7. Nc3 O-O 8. Nd5 d6 9. Nxf6+ Bxf6 10. Qd5+ Kh8 11. Bxc6 bxc6 12. Qxc6 Bg4 13. Bd2 Bxf3 14. gxf3 Bg5 15. O-O-O Rxf3 16. Rhg1 Bh4 17. Ba5 Rc8 18. Kb1 Bxf2 19. Rgf1 Rf8 20. a4 Qh4 21. Qd7 Rfe8 22. Qf5 Bb6 23. Bd2 h6 24. a5 Bc5 25. Qg6 Rf8 26. b4 Bd4 27. c3 Bf2 28. Qg2 Rf6 29. Bc1 Rcf8 30. Rd3 Rf3 31. Rxf3 Qxe4+ 32. Kb2 Qxf3 33. Qxf3 Rxf3 34. Be3 Rxe3 35. Rxf2 Kg8 36. b5 e4 37. a6 Rf3 38. Re2 e3 39. Kb3 Kf7 40. Kc4 Ke6 41. Kd4 g5 42. c4 h5 43. Re1 Rh3 44. Re2 g4 45. Ke4 Rf3 46. Kd4 h4 47. Re1 h3 48. Ke4 Rf5 49. Re2 Kf6 50. Re1 Kg5 0-1

[Event "Alushta"]
[Site "Alushta UKR"]
[Date "1992.??.??"]
[Round "6"]
[White "Frolov, Artur"]
[Black "Yilmaz, Turhan"]
[Result "1-0"]
[WhiteElo "2510"]
[BlackElo "2390"]
[PlyCount "107"]
[EventDate "1992.??.??"]
[Source "www.chesslib.no"]
[SourceDate "2004.05.04"]

1. e4 e5 2. Nf3 Nc6 3. Bb5 f5 4. d4 fxe4 5. Nxe5 Nxe5 6. dxe5 c6 7. Nc3 d5 8. exd6 Nf6 9. Bc4 Bxd6 10. Bg5 Bf5 11. Qd4 h6 12. Be3 Qe7 13. O-O-O Be5 14. Qc5 Qxc5 15. Bxc5 b6 16. Bd6 Bxc3 17. bxc3 b5 18. Bb3 O-O-O 19. c4 Rd7 20. cxb5 cxb5 21. Bc5 Rhd8 22. c3 a5 23. Bb6 Rxd1+ 24. Rxd1 Rxd1+ 25. Bxd1 a4 26. Bd4 Kd7 27. Kb2 Kc6 28. Ka3 Ne8 29. Be2 g6 30. Kb4 Nd6 31. Be5 Nc4 32. Bxc4 bxc4 33. Kxa4 Bd7 34. Kb4 Kd5 35. Bd4 h5 36. h4 Be6 37. a4 Bc8 38. Be3 Bb7 39. Ka3 Bc6 40. a5 Bb5 41. Kb2 Kc6 42. Kc2 Ba6 43. Kd2 Kb5 44. Bb6 Bc8 45. Ke3 Bd7 46. Kd4 Bc8 47. g3 Bb7 48. Ke5 Bc6 49. Kf6 Bd7 50. Kxg6 Bg4 51. Kg5 Bf3 52. Kf4 Ka6 53. g4 hxg4 54. Kg3 1-0

[Event "Chigorin mem"]
[Site "St Petersburg"]
[Date "1998.10.31"]
[Round "1"]
[White "Milton, Sergei"]
[Black "Sulskis, Sarunas"]
[Result "1/2-1/2"]
[WhiteElo "2345"]
[BlackElo "2555"]
[PlyCount "80"]
[EventDate "1998.10.31"]
[Source "ChessBase"]
[SourceDate "1999.01.01"]

1. e4 e5 2. Nf3 Nc6 3. Bb5 f5 4. d3 d6 5. exf5 a6 6. Nxe5 dxe5 7. Qh5+ Ke7 8. Bc4 Qe8 9. Bg5+ Nf6 10. Qh4 Kd8 11. Nc3 Be7 12. g4 Nd4 13. Qg3 b5 14. O-O-O bxc4 15. Rhe1 Nxg4 16. Bxe7+ Qxe7 17. Qxg4 Bxf5 18. Qg3 cxd3 19. Rxe5 Qf6 20. Qf4 Qh6 21. Rd5+ Kc8 22. Qxh6 gxh6 23. Rxd4 dxc2 24. Re1 Kb7 25. Nd5 Rhe8 26. Rxe8 Rxe8 27. Ne3 Bg6 28. Nxc2 Re5 29. Ne3 Re6 30. Kd2 Rf6 31. f4 c5 32. Rd7+ Kc6 33. Ra7 Rxf4 34. Rxa6+ Kb5 35. Rb6+ Ka5 36. Kc3 Re4 37. Nd5 Bf7 38. Rc6 Kb5 39. Rd6 Bxd5 40. Rxd5 Rh4 1/2-1/2

[Event "Thessaloniki ol (Men)"]
[Site "Thessaloniki GRE"]
[Date "1988.??.??"]
[Round "6"]
[White "Rodriguez, Orestes"]
[Black "Mascarinas, Rico"]
[Result "1/2-1/2"]
[WhiteElo "2445"]
[BlackElo "2455"]
[PlyCount "138"]
[EventDate "1988.11.??"]
[Source "www.chesslib.no"]
[SourceDate "2004.05.04"]

1. e4 e5 2. Nf3 Nc6 3. Bb5 f5 4. d3 fxe4 5. dxe4 Nf6 6. O-O d6 7. Nc3 Be7 8. a3 O-O 9. Bc4+ Kh8 10. Ng5 Qe8 11. Ne6 Bxe6 12. Bxe6 Nd4 13. Bc4 Qg6 14. f4 Nxe4 15. Nxe4 Qxe4 16. Bd3 Qc6 17. Re1 Nf5 18. Qg4 g6 19. fxe5 dxe5 20. Bd2 Rae8 21. Kh1 Bf6 22. Bb4 Nd6 23. Bxd6 cxd6 24. Re3 Qc8 25. Qe4 Bg5 26. Rg3 Rf4 27. Qe2 Qd8 28. Be4 Ref8 29. Bd5 Rf2 30. Qd3 Qe7 31. Rf3 R8xf3 32. Bxf3 Bf4 33. g3 Rd2 34. Qc3 Bg5 35. Rd1 Rxd1+ 36. Bxd1 Bf6 37. Be2 d5 38. Qb4 Qxb4 39. axb4 e4 40. c3 Kg7 41. Bg4 Kf7 42. Kg2 Ke7 43. Kf1 Kd6 44. Ke2 Bg5 45. Bc8 b6 46. Bb7 a5 47. bxa5 bxa5 48. b3 Kc5 49. Ba6 Bd8 50. Kd1 Bc7 51. Kd2 g5 52. Be2 Be5 53. Kc2 h6 54. Bg4 Bb8 55. Bc8 Kd6 56. h4 Ke5 57. hxg5 hxg5 58. Kd2 Ba7 59. Ke2 Bb6 60. Bd7 Bd8 61. g4 Kd6 62. Be8 Bf6 63. Kd2 Be5 64. Ba4 Bf4+ 65. Ke2 Bc1 66. Be8 Ke5 67. Bc6 Ba3 68. Kd2 Bb2 69. Kc2 Ba3 1/2-1/2

[Event "Gomel"]
[Site "Gomel"]
[Date "1983.??.??"]
[Round "?"]
[White "Tseitlin, Mark D"]
[Black "Arbakov, Valentin"]
[Result "0-1"]
[WhiteElo "2475"]
[BlackElo "2425"]
[PlyCount "50"]
[EventDate "1983.??.??"]
[Source "www.chesslib.no"]
[SourceDate "2004.05.04"]

1. e4 e5 2. Nf3 Nc6 3. Bb5 f5 4. d3 fxe4 5. dxe4 Nf6 6. O-O d6 7. Nc3 Be7 8. Nd5 O-O 9. Ng5 Kh8 10. Bc4 Nxd5 11. Nxh7 Rf4 12. Bxf4 Nxf4 13. g3 Nh3+ 14. Kh1 Qe8 15. f4 exf4 16. gxf4 Kxh7 17. c3 Bh4 18. Qc2 Qh5 19. Be2 Qh6 20. e5+ Kh8 21. exd6 cxd6 22. Rad1 Nf2+ 23. Rxf2 Bxf2 24. Rd5 Be6 25. Rxd6 Bc5 0-1

[Event "Capablanca mem-B"]
[Site "Matanzas"]
[Date "1992.??.??"]
[Round "4"]
[White "Adla, Diego Gustavo"]
[Black "Antunes, Antonio"]
[Result "1/2-1/2"]
[WhiteElo "2435"]
[BlackElo "2465"]
[PlyCount "85"]
[EventDate "1992.05.??"]
[Source "ChessBase"]

1. e4 e5 2. Nf3 Nc6 3. Bb5 f5 4. Bxc6 dxc6 5. Nc3 Nf6 6. Qe2 fxe4 7. Nxe4 Bg4 8. Nxf6+ gxf6 9. d4 Qd5 10. dxe5 Bxf3 11. Qxf3 Qxf3 12. gxf3 fxe5 13. Be3 Bd6 14. Ke2 a5 15. Rhg1 Kf7 16. Rg4 a4 17. Rag1 Ra5 18. Rg7+ Ke6 19. c4 Raa8 20. Kd3 c5 21. R1g5 Kf6 22. Ke4 b5 23. cxb5 Rab8 24. Bd2 Rxb5 25. Bc3 Rhb8 26. Rg2 Rxb2 27. Bxb2 Rxb2 28. Rxh7 Re2+ 29. Kd5 Rxa2 30. h4 a3 31. h5 Rd2+ 32. Kc4 Rd4+ 33. Kc3 e4 34. fxe4 Rxe4 35. f3 Re3+ 36. Kc4 Rxf3 37. Rh8 Rf4+ 38. Kb3 c4+ 39. Ka2 Rh4 40. h6 Rh1 41. Re2 Kf7 42. Rhe8 Rxh6 43. R8e4 1/2-1/2

[Event "ESP Team Ch"]
[Site "Cordoba ARG"]
[Date "1995.??.??"]
[Round "2"]
[White "Romero Holmes, Alfonso"]
[Black "Rodriguez, Orestes"]
[Result "1/2-1/2"]
[WhiteElo "2455"]
[BlackElo "2445"]
[PlyCount "68"]
[EventDate "1995.??.??"]
[Source "www.chesslib.no"]
[SourceDate "2004.05.04"]

1. e4 e5 2. Nf3 Nc6 3. Bb5 f5 4. Bxc6 dxc6 5. Nc3 Nf6 6. Qe2 fxe4 7. Nxe4 Bg4 8. d3 Qd5 9. h3 Bxf3 10. Qxf3 Bb4+ 11. c3 Be7 12. Bg5 O-O-O 13. Bxf6 Bxf6 14. Ke2 Rhf8 15. Qe3 b6 16. Kd2 a5 17. Kc2 Rd7 18. b3 Kb7 19. a4 Rfd8 20. Rad1 Qf7 21. Qf3 Qe7 22. Kb2 Rf8 23. Rhe1 Rd5 24. Qe3 Rfd8 25. Qf3 Rf8 26. Qg4 g6 27. Re3 Bg7 28. Rf3 Rdd8 29. Rxf8 Bxf8 30. Kc2 Qa3 31. Rb1 Qa2+ 32. Rb2 Qa1 33. Rb1 Qa2+ 34. Rb2 Qa1 1/2-1/2